Export se státní podporou EGAP - novela zákona o pojišťování a financování vývozů

Súčasný stav zákonnej úpravy, ktorá rieši štátnu podporu exportu ČR. Exportná garančná a poisťovacia spoločnosť (EGAP, a.s.) vykonáva poistenie pohľadávok z vývozných úverov, poskytuje financovanie vývozných úverov, zvýhodnených voči trhovým podmienkam. Realizácia štátnej podpory vývozu. Nové prístu...

Descripción completa

Guardado en:
Detalles Bibliográficos
Autor principal: Böhm, Arnošt
Formato: Capítulo de libro
Lenguaje:checo
Materias:
Etiquetas: Agregar Etiqueta
Sin Etiquetas, Sea el primero en etiquetar este registro!

MARC

LEADER 00000naa a2200000 4500
001 r027804
005 20230908093443.6
041 0 |a cze 
044 |a CZ 
245 1 0 |a Export se státní podporou  |b EGAP - novela zákona o pojišťování a financování vývozů  |c A. Böhm 
520 |a Súčasný stav zákonnej úpravy, ktorá rieši štátnu podporu exportu ČR. Exportná garančná a poisťovacia spoločnosť (EGAP, a.s.) vykonáva poistenie pohľadávok z vývozných úverov, poskytuje financovanie vývozných úverov, zvýhodnených voči trhovým podmienkam. Realizácia štátnej podpory vývozu. Nové prístupy k podpore vývozu. Novela zákona o poisťovaní a financovaní vývozu, ktorá umožňuje rozšírenie činnosti EGAP. 
610 2 0 |a zákony 
610 2 0 |a Česko 
610 2 0 |a 1995 
610 2 0 |a podpora vývozu 
610 2 0 |a úpravy právne 
610 2 0 |a EGAP, a.s. Praha 
610 2 0 |a vývoz 
610 2 0 |a financovanie 
610 2 0 |a poistenie záujmov zahraničných 
610 2 0 |a úver vývozný 
100 1 |a Böhm, Arnošt